MDQL
is popping MORE tags! Check the
thread
!
Quizzes
Events
Quiz Creation
Community
Videos
Private Events
Remove Ads
Sign In
Join for FREE
Feedback
Dark Mode
Quiz Categories
Sports
Geography
Music
Movies
Television
Just For Fun
Miscellaneous
History
Literature
Language
Science
Gaming
Entertainment
Religion
Holiday
For Kids
Quiz Lab
Recent
Popular Today
Quiz Kudos Today
Editor Picks
Curator Picks
Quizzes by...
Day
Popularity
Type
Ratings
Length
Year
Community
Subscriptions
Recent Discussions
Orange Saloon
Badges
Playlists
Quests
Create
Leaderboards
Showdown
Live 5
Trivia Bingo
Activity
Puzzle Library
Sporcle Events
Private Events
Virtual Trivia
Globe League
Become a Host
Pub Owners
SporcleCon
Opinionation
Our Games
Videos
Blog
Mobile Apps
Partnerships
Remove Ads and Go Orange
Feedback
Sports
Athletes
MLB
NBA
NHL
NFL
Soccer
Sports Teams
WWE
NCAA
Football
Premier League
Basketball
Baseball
Hockey
Golf
Tennis
Cricket
Rugby
Auto Racing
Olympics
World Cup
Sports
Athletes
MLB
NBA
NHL
NFL
Soccer
Sports Teams
WWE
NCAA
Football
Premier League
Basketball
Baseball
Hockey
Golf
Tennis
Cricket
Rugby
Auto Racing
Olympics
World Cup
Random Quiz
Search Sporcle
×
Quiz Lab
Quiz Lab
Sports
MLB
Type in answers that appear in a list
Type in answers that appear in a list
Classic
Best Score? Go Orange.
MLB Managers 2010 Stats
Can you name the MLB Managers for the 2010 Season?
By
AC2132
10m
30 Questions
241 Plays
241 Plays
241 Plays
Comments
Comments
Give Quiz Kudos
Give Quiz Kudos
-
- Ratings
hide this ad
Replay
Link that replays current quiz
Next Quiz
Link to next quiz in quiz playlist
You Got
0%
They Got
Avg Score
63%
Avg Friend Score
Upgrade to see
Score Distribution
Jump to the score distribution portion of the page
Score
0/30
Timer
10:00
0
Plays Today
Team
Manager
% Correct
Atlanta Braves
Bobby Cox
92.5%
Boston Red Sox
Terry Francona
92.1%
New York Yankees
Joe Girardi
90.9%
Los Angeles Dodgers
Joe Torre
88.4%
Philadelphia Phillies
Charlie Manuel
87.1%
New York Mets
Jerry Manuel
86.3%
Chicago White Sox
Ozzie Guillen
85.5%
Cincinnati Reds
Dusty Baker
80.1%
Detroit Tigers
Jim Leyland
79.7%
St. Louis Cardinals
Tony La Russa
78%
Chicago Cubs
Lou Piniella
76.3%
Tampa Bay Rays
Joe Maddon
75.1%
Minnesota Twins
Ron Gardenhire
74.3%
Florida Marlins
Fredi Gonzalez
63.5%
Los Angeles Angels
Mike Scioscia
63.1%
Team
Manager
% Correct
San Francisco Giants
Bruce Bochy
62.2%
Toronto Blue Jays
Cito Gaston
61.8%
Colorado Rockies
Jim Tracy
57.3%
Seattle Mariners
Don Wakamatsu
57.3%
San Diego Padres
Bud Black
55.6%
Cleveland Indians
Manny Acta
53.1%
Texas Rangers
Ron Washington
46.5%
Milwaukee Brewers
Ken Macha
44.8%
Washington Nationals
Jim Riggleman
44%
Arizona Diamondbacks
A.J. Hinch
42.3%
Baltimore Orioles
Dave Trembley
41.5%
Kansas City Royals
Trey Hillman
36.9%
Pittsburgh Pirates
John Russell
32.8%
Oakland A's
Bob Geren
32.4%
Houston Astros
Brad Mills
27.4%
Quiz Playlist
Details
Report
Send in Message
Add To Playlist
Classic:
Type in answers that appear in a list
Last Updated: Feb 16, 2017
Quiz Scoreboard
CHALLENGE
Sign Up to Join the Scoreboard
Show All
Scores
Hide
Comments
May contain spoilers
Recently Published
Image Sorting: Flags VI
by Barbecue
Geography
2m
Find the 'City' Movie
by crazypaving
Movies
60s
Colored Red Africa Blitz
by spor1
Geography
45s
More to Explore
Quiz From the Vault
Featured Blog Post
14 Easter Pick-up Lines to Find Eggs With
hide this ad
You Might Also Like...
Tags
Baseball Quiz
MLB Quiz
2010
Manager
season
team
Today's Top Quizzes in Sports
Browse Sports
hide this ad
Today's Top Quizzes in MLB
Browse MLB
Top Contributed Quizzes in Sports
1
Les meilleurs buteurs des matchs entre le PSG et l’OM
2
Les entraîneurs de l'OM et du PSG au 21e siècle
3
2022 World Cup Stars
4
Les joueurs passés par le PSG et l'OM
5
Players with Multiple 50 Home Run Seasons
6
Criteria MLB: Left Handed Sluggers
7
FIFA Club World Cup Champions
8
Les joueurs passés par le LOSC et le RC Lens
9
NBA Logic Puzzle 2.0
10
Top 10 NHL Goal Scorers of All Time
Explore More
Trending Topics
Kpop
Marvel
Crossword
NBA
Disney
Anime
Harry Potter
WWE
Soccer
NFL
Pokémon
Country
Song
Puzzle
The Office
hide this ad
More By:
AC2132
Quiz
Plays
Rating
Category
Featured
Created
Lyrics of DMB
801
5.00
Music
Feb 24, 2010
NCAA Upsets
297
5.00
Sports
Feb 24, 2010
MLB Managers 2010
241
4.00
Sports
Mar 2, 2010
NIT Champions
182
5.00
Sports
Mar 1, 2010
Go to Creator's Profile
Score Distribution
Quiz Creator Spotlight
AC2132
Follow
Send a Message
Quizzes Created
-
Created Quiz Play Count
-
More By This Creator
Popular Quizzes Today
1
Colored Red Africa Blitz
2
Find the US States - No Outlines Minefield
3
Find the 'City' Movie
4
5x2 Blitz: Bands
5
The Countries of the World
6
Find the US States
7
Find the Countries of Europe - No Outlines Minefield
8
US States
More Sports Quizzes
MLB Players by Country
Quiz Lab
Trending Quizzes
Colored Red Europe Blitz I
Colored Red Africa Blitz II
Colored Red Europe Blitz II
Colored Red Africa Blitz III
Colored Red Europe Blitz III
Recently Updated
How Do You Spell That?
pecheneg
Godzilla Movies
pecheneg
Grab Bag: 4-10 Letters
pecheneg
2024 March Madness Bracket
pecheneg
Famous TV Couples
Peacemaker
Champions League XIs: Real Madrid
pecheneg
Largest US Cities 1790-2010
pecheneg
Rides in Walt Disney World
pecheneg
Most Oscar Losses (Acting)
pecheneg
Beyoncé Albums
pecheneg
Trending Topics
Harry Potter
Kpop
Anime
Disney
NBA
Crossword
Marvel
Pokémon
Song
Soccer
Puzzle
NFL
Country
WWE
The Office
Your Account Isn't Verified!
In order to create a playlist on Sporcle, you need to verify the email address you used during registration. Go to your
Sporcle Settings
to finish the process.
Report this User
Report this user for behavior that violates our
Community Guidelines
.
Details:
Send Report
Go to the Sporcle.com Mobile Site →
Comments